000
00247nam a2200097 4500
999
_c
515027
_d
515027
082
_a
TNC A38 g155
100
_a
Sajandas, Gangaram
_9
20103
245
_a
Flowers and fruits
260
_a
Poona
_b
St. Mira's English Medium School
_c
1967
300
_a
85p.